Intensities and lines of flight (Registro nro. 305666)
[ vista simple ]
| 000 -ENCABEZADO | |
|---|---|
| Número de control [NR] | 01117cam a2200289 i 4500 |
| 005 - FECHA Y HORA DE LA ÚLTIMA TRANSACCIÓN | |
| control field | 20170119094538.0 |
| 008 - DE LONGITUD FIJA DE DATOS DE ELEMENTOS - INFORMACIÓN GENERAL | |
| Elementos de longitud fija [NR] | 170119s2014 enka 001 0 eng d |
| 010 ## - NUMERO DE CONTROL DE LA BIBLIOTECA DEL CONGRESO (LC) [NR] | |
| Número de control LC [NR] | 2013050712 |
| 020 ## - NUMERO INTERNACIONAL NORMALIZADO PARA LIBROS [R] | |
| Número Internacional Normalizado del libro [NR] | 9781783480319 |
| 020 ## - NUMERO INTERNACIONAL NORMALIZADO PARA LIBROS [R] | |
| Número Internacional Normalizado del libro [NR] | 9781783480326 |
| 040 ## - FUENTE DE CATALOGACION [NR] | |
| Agencia de catalogación original [NR] | CO-BoUCM |
| Idioma de catalogación [NR] | spa |
| Quien Cataloga | Sandra Palacio |
| Quien Clasifica | Sandra Palacio |
| 041 0# - CODIGO DE IDIOMA [R] | |
| Código de idioma para texto/pista de sonido o título separado [R] | Inglés |
| 245 00 - MENCION DE TITULO [NR] | |
| Título [NR] | Intensities and lines of flight |
| Parte restante del título [NR] | Deleuze/Guattari and the arts |
| Mención de responsabilidad, etc. [NR] | editado por Antonio Calcagno, Jim Vernon y Steve G. Lofts |
| 260 ## - PUBLICACION, DISTRIBUCION, ETC. (PIE DE IMPRENTA) [R] | |
| Lugar de publicación, distribución, etc. [R] | Londres (Inglaterra) |
| Nombre del editor, distribuidor, etc. [R] | Rowman & Littlefield International |
| Fecha de publicación, distribución, etc. [R] | 2014 |
| 300 ## - DESCRIPCION FISICA [R] | |
| Extensión [R] | vii, 226 páginas |
| Otros detalles físicos [NR] | ilustraciones |
| 504 ## - NOTA DE BIBLIOGRAFIA, ETC. [R] | |
| Nota de bibliografía, etc. [NR] | Incluye referencias bibliográficas e índices |
| 600 10 - ASIENTO SECUNDARIO DE MATERIA - NOMBRE PERSONAL [R] | |
| Nombre personal [NR] | Deleuze, Gilles |
| Fechas asociadas con el nombre [NR] | 1925-1995 |
| 9 (RLIN) | 1481 |
| 600 10 - ASIENTO SECUNDARIO DE MATERIA - NOMBRE PERSONAL [R] | |
| Nombre personal [NR] | Guattari, Félix |
| Fechas asociadas con el nombre [NR] | 1930-1992 |
| 9 (RLIN) | 82233 |
| 650 17 - ASIENTO SECUNDARIO DE MATERIA - TERMINO TEMATICO [R] | |
| Término temático o nombre geográfico como elemento de entrada [NR] | Arte |
| Subdivisión general [R] | Filosofía |
| 9 (RLIN) | 54815 |
| 650 27 - ASIENTO SECUNDARIO DE MATERIA - TERMINO TEMATICO [R] | |
| Término temático o nombre geográfico como elemento de entrada [NR] | Postmodernismo |
| Subdivisión cronológica [R] | Siglo XX |
| 9 (RLIN) | 22121 |
| 690 ## - ASUNTO AGREGADO LOCAL DE ENTRADA - TÉRMINO TEMÁTICO (OCLC, RLIN) | |
| Acceso temático local | Filosofía |
| 9 (RLIN) | 75 |
| 700 1# - ASIENTO SECUNDARIO - NOMBRE PERSONAL [R] | |
| Nombre personal [NR] | Calcagno, Antonio |
| Fechas asociadas con el nombre [NR] | 1969- |
| Término de relación [R] | editor |
| 9 (RLIN) | 83479 |
| 700 1# - ASIENTO SECUNDARIO - NOMBRE PERSONAL [R] | |
| Nombre personal [NR] | Vernon, Jim |
| Término de relación [R] | editor |
| 9 (RLIN) | 83480 |
| 700 1# - ASIENTO SECUNDARIO - NOMBRE PERSONAL [R] | |
| Nombre personal [NR] | Lofts, Steve G. |
| Fechas asociadas con el nombre [NR] | 1959- |
| Término de relación [R] | editor |
| 9 (RLIN) | 83481 |
| 942 ## - ELEMENTOS DE ENTRADA AGREGADOS (KOHA) | |
| Sistema de clasificación | DEWEY |
| Tipo de ítem principal el descrito en 300a | Libro |
| Tema principal | Filosofía |
| Edición | 1 |
| Clasificación | 111.85 |
| Parte restante de la signatura top. | I611il |
| Signatura topográfica | Código de barras | Última vez visto | Ejemplar | Costo de reposición | Price effective from | Tipo de ítem | Perdido | Sistema de clasificación | Dañado | No prestable | Tipo de ítem específico | Suprimido | Ubicación habitual | Ubicación actual | Localización | Fecha de creación | Proveedor | Forma de adquisición | Costo | Fecha de último préstamo | Total préstamos | Total Renewals |
|---|---|---|---|---|---|---|---|---|---|---|---|---|---|---|---|---|---|---|---|---|---|---|
| 111.85 I611il | 100152169 | 05/12/2025 | Ej.1 | 134342.00 | 16/01/2017 | Libro | DEWEY | Libro | Claustro | Claustro | 2do piso | 16/01/2017 | 15 | Compra | 134342.00 | |||||||
| 111.85 I611il | 100152170 | 05/12/2025 | Ej.2 | 134342.00 | 16/01/2017 | Libro | DEWEY | Libro | Claustro | Claustro | 2do piso | 16/01/2017 | 15 | Compra | 134342.00 | 28/10/2019 | 1 | 2 |